000 00364cam a2200145ua 4500
041 _aeng
_h
082 _a823.301
_bMAS/AT
100 _aMason, A E W .
245 _aAt the villa rose /
_cA E W Mason.
_hTextual Documents
260 _aLondon :
_bUniversity of London Press Ltd ,
_c1967.
300 _a192 ; .
504 _a
942 _cBK
999 _c4162
_d4162